Técnica, concentración y ordenación de la economía (Registro nro. 25471)
[ vista simple ]
| 000 -LEADER | |
|---|---|
| fixed length control field | 00330 a2200109 4500 |
| 001 - CONTROL NUMBER | |
| control field | ART_11328 |
| 005 - DATE AND TIME OF LATEST TRANSACTION | |
| control field | 20260410161856.0 |
| 008 - FIXED-LENGTH DATA ELEMENTS--GENERAL INFORMATION | |
| fixed length control field | 260409a |
| 100 1# - MAIN ENTRY--PERSONAL NAME | |
| Personal name | Eucken, Walter |
| 245 10 - TITLE STATEMENT | |
| Title | Técnica, concentración y ordenación de la economía |
| 773 0# - HOST ITEM ENTRY | |
| Title | Revista de Economía |
| Related parts | - Nº 34 (sep. 1982) |
| Record control number | REV11077 |
No hay ítems disponibles.